| 000 | 01810 a2200253 4500 | ||
|---|---|---|---|
| 003 | Nust | ||
| 005 | 20170207164658.0 | ||
| 010 | _a 2011913176 | ||
| 020 | _a1463762364 (pbk.) | ||
| 020 | _a9781463762360 (pbk.) | ||
| 035 | _a(OCoLC)ocn780177715 | ||
| 040 | _cNust | ||
| 082 | 0 | 0 | _a005.8 |
| 100 | 1 | _aGibson, Darril. | |
| 245 | 1 | 0 |
_aCompTIA security+ get certified get ahead SYO-301 study guide /(E BOOK) _cDarril Gibson. |
| 260 |
_aNorth Charleston, SC : _bCreateSpace, _cc2011. |
||
| 300 |
_axix, 559 p. : _bill. ; _c26 cm. |
||
| 500 | _aIncludes index. | ||
| 520 | _aEach of the eleven chapters presents topics in an easy to understand manner and includes real-world examples of security principles in action. The author uses many of the same analogies and explanations he's honed in the classroom that have helped hundreds of students master the Security+ content. You'll understand the important and relevant security topics for the Security+ exam, without being overloaded with unnecessary details. Additionally, each chapter includes a comprehensive review section to help you focus on what's important. Over 450 realistic practice test questions with in-depth explanations will help you test your comprehension and readiness for the exam. The book includes a 100 question pre-test, a 100 question post-test, and practice test questions at the end of every chapter. Each practice test question includes a detailed explanation to help you understand the content and the reasoning behind the question. You'll be ready to take and pass the exam the first time you take it. | ||
| 650 | 0 |
_aComputer networks _xSecurity measures _xExaminations |
|
| 650 | 0 |
_aComputer security _xExaminations |
|
| 650 | 0 |
_aComputer technicians _xCertification |
|
| 650 | 0 |
_aElectronic data processing personnel _xCertification. |
|
| 942 |
_2ddc _cBK |
||
| 999 |
_c209573 _d209573 |
||